The gay man's guide to safer sex /

Gespeichert in:
Bibliographische Detailangaben
Körperschaft: <<The >>Terrence Higgins Trust
Format: Dia
Sprache:Englisch
Veröffentlicht: [Gran Bretagna] : Pride video, c1992
Tags: Tag hinzufügen
Keine Tags, Fügen Sie das erste Tag hinzu!

MARC

LEADER 00000ngm a22000007i 4500
001 IT\ICCU\UBO\3376067
003 ItRI
005 20260124182924.0
008 080219s1992 xxk|||||||||||||||k|||||c
028 4 2 |a 98102 
040 |b ita 
041 7 |a eng  |2 ISO-639-2 
245 0 4 |a The gay man's guide to safer sex /  |c [The Terrence Higgins Trust]. 
260 |a [Gran Bretagna] :  |b Pride video,  |c c1992 
300 |a 1 videocasssetta (VHS) (ca. 50 min.) :  |b color., son 
500 |a Tit. del contenitore 
500 |a Film documentario del 1992, prod. UK 
500 |a Vietato ai minori di 18 anni. 
710 2 |a <<The >>Terrence Higgins Trust  |0 IT\ICCU\UBOV\192694 
942 |2 ddc  |c VM  |n 0 
952 |0 0  |1 0  |4 0  |6 VO_262_000000000000000  |7 0  |9 28095  |a BO  |b BO  |d 2026-01-24  |i 6862  |l 0  |o VO 262  |p BO6862  |r 2026-01-24 18:29:24  |w 2026-01-24  |x [Sebina 5] [1 videocassetta]  |y VM  |z 1 videocassetta 
981 1 |6 z01  |a b   |b xa2e  
982 1 |6 z01  |a g 
999 |c 23814  |d 23814